Dějiny Taiwanu
Salvato in:
| Autore principale: | |
|---|---|
| Altri autori: | , |
| Natura: | Libro |
| Lingua: | ceco |
| Pubblicazione: |
Praha
Nakladatelství Lidové noviny
2004
|
| Serie: | Dějiny států
|
| Soggetti: | |
| Tags: |
Nessun Tag, puoi essere il primo ad aggiungerne!!
|
MARC
| LEADER | 00000nam$a2200000$$$4500 | ||
|---|---|---|---|
| 001 | 0033769 | ||
| 005 | 20240306141329.7 | ||
| 020 | |a 80-7106-708-3 | ||
| 041 | 0 | |a cze | |
| 044 | |a CZ | ||
| 245 | 1 | 0 | |a Dějiny Taiwanu |c Ivana Bakešová, Rudolf Fürst, Zdenka Heřmanová |
| 264 | 1 | |a Praha |b Nakladatelství Lidové noviny |c 2004 | |
| 300 | |a 303 s. | ||
| 490 | 1 | |a Dějiny států | |
| 830 | 0 | |a Dějiny států | |
| 610 | 2 | 0 | |a dejiny |
| 610 | 2 | 0 | |a obyvateľstvo |
| 610 | 2 | 0 | |a podnebie |
| 610 | 2 | 0 | |a jazyk štátny |
| 610 | 2 | 0 | |a história |
| 610 | 2 | 0 | |a konflikty medzinárodné |
| 610 | 2 | 0 | |a vojny |
| 610 | 2 | 0 | |a kolónie |
| 610 | 2 | 0 | |a správa štátna |
| 610 | 2 | 0 | |a zákony |
| 610 | 2 | 0 | |a politika hospodárska |
| 610 | 2 | 0 | |a demokratizácia |
| 610 | 2 | 0 | |a reformy |
| 610 | 2 | 0 | |a politika zahraničná |
| 610 | 2 | 0 | |a kríza |
| 610 | 2 | 0 | |a imigrácia |
| 610 | 2 | 0 | |a vývoj hospodársky |
| 610 | 2 | 0 | |a Taiwan |
| 610 | 2 | 0 | |a Čína |
| 610 | 2 | 0 | |a Japonsko |
| 100 | 1 | |a Bakešová, Ivana | |
| 700 | 1 | |a Fürst, Rudolf | |
| 700 | 1 | |a Heřmanová, Zdenka | |